Doña Barbara / (Record no. 585)

MARC details
000 -LEADER
fixed length control field 02226cam a2200421 i 4500
005 - DATE AND TIME OF LATEST TRANSACTION
control field 20260322212026.0
008 - FIXED-LENGTH DATA ELEMENTS--GENERAL INFORMATION
fixed length control field data
010 ## - LIBRARY OF CONGRESS CONTROL NUMBER
LC control number 2011029353
020 ## - INTERNATIONAL STANDARD BOOK NUMBER
International Standard Book Number 9780226279206 (paperback)
020 ## - INTERNATIONAL STANDARD BOOK NUMBER
International Standard Book Number 0226279200 (paperback)
040 ## - CATALOGING SOURCE
Original cataloging agency ICU/DLC
Language of cataloging eng
Description conventions rda
Transcribing agency DLC
Modifying agency NhCcYME
-- BTCTA
-- BDX
-- YDXCP
-- VP@
-- CDX
-- NhCcYME
041 1# - LANGUAGE CODE
Language code of text/sound track or separate title eng
Language code of original spa
042 ## - AUTHENTICATION CODE
Authentication code pcc
050 00 - LIBRARY OF CONGRESS CALL NUMBER
Classification number PQ8549.G24
Item number D613 2012
082 00 - DEWEY DECIMAL CLASSIFICATION NUMBER
Classification number 863/.62
Edition information 23
099 ## - LOCAL FREE-TEXT CALL NUMBER (OCLC)
Classification number GALLE R
001 - CONTROL NUMBER
control field data
100 1# - MAIN ENTRY--PERSONAL NAME
Personal name Gallegos, Rómulo,
Dates associated with a name 1884-1969.
240 10 - UNIFORM TITLE
Uniform title Doña Bárbara.
Language of a work English
245 10 - TITLE STATEMENT
Title Doña Barbara /
Statement of responsibility, etc. Rómulo Gallegos & Robert Malloy.
250 ## - EDITION STATEMENT
Edition statement University of Chicago Press edition.
260 ## - PUBLICATION, DISTRIBUTION, ETC.
Place of publication, distribution, etc. CHICAGO, IL :
Name of publisher, distributor, etc. The University of Chicago Press,
Date of publication, distribution, etc. 1969.
264 #1 - PRODUCTION, PUBLICATION, DISTRIBUTION, MANUFACTURE, AND COPYRIGHT NOTICE
Place of production, publication, distribution, manufacture London :
-- London :
Name of producer, publisher, distributor, manufacturer The University of Chicago Press,
Date of production, publication, distribution, manufacture, or copyright notice 2012.
300 ## - PHYSICAL DESCRIPTION
Extent 440 pages ;
Dimensions 21 cm
336 ## - CONTENT TYPE
Content type term text
Source rdacontent
337 ## - MEDIA TYPE
Media type term unmediated
Source rdamedia
338 ## - CARRIER TYPE
Carrier type term volume
Source rdacarrier
505 00 - FORMATTED CONTENTS NOTE
Title Gleam Of A Star.
-- Who Is With Us? --
-- Descendant Of The Cunavichero --
-- Ogress --
-- Thousand Different Paths --
-- Lance-Head In The Wall --
-- Memory Of Hasdrubal --
-- Tawny Bull --
-- Horse-Breaking --
-- Sphinx Of The Savannah --
-- Spectre Of La Barquerena --
-- Sleeping Beauty --
-- Day Will Come --
-- Senor Danger --
-- Part II --
-- Unusual Event --
-- Trainers --
-- Furies --
-- Rodeo --
-- Mutations --
-- Terror Of The Bramador --
-- Wild Honey --
-- Phoenix --
-- Dance --
-- Passion Without A Name --
-- Imaginary Solutions --
-- Song And Story --
-- Evil-Eye And Her Shadow --
-- Part III --
-- Terror Of The Savannahs --
-- Whirlwinds --
-- No Pernalete --
-- Cross Roads --
-- Man's Hour --
-- Ineffable Discovery --
-- Inscrutable Designs --
-- Red Glory --
-- Amusement For Senor Danger --
-- Withdrawal --
-- Light In The Cave --
-- Dotting The E'S --
-- Daughter Of The Rivers --
-- Gleam Of A Star.
650 #0 - SUBJECT ADDED ENTRY--TOPICAL TERM
Topical term or geographic name entry element Matriarchy
Geographic subdivision Venezuela
Form subdivision Fiction.
650 #0 - SUBJECT ADDED ENTRY--TOPICAL TERM
Topical term or geographic name entry element Landowners
Geographic subdivision Venezuela
Form subdivision Fiction.
650 #0 - SUBJECT ADDED ENTRY--TOPICAL TERM
Topical term or geographic name entry element Upper class families
Geographic subdivision Venezuela
Form subdivision Fiction.
650 #0 - SUBJECT ADDED ENTRY--TOPICAL TERM
Topical term or geographic name entry element Families
Geographic subdivision Venezuela
Form subdivision Fiction.
650 #0 - SUBJECT ADDED ENTRY--TOPICAL TERM
Topical term or geographic name entry element Women
General subdivision Psychology
Form subdivision Fiction.
650 #0 - SUBJECT ADDED ENTRY--TOPICAL TERM
Topical term or geographic name entry element Farmers
Geographic subdivision Venezuela
Form subdivision Fiction.
650 #0 - SUBJECT ADDED ENTRY--TOPICAL TERM
Topical term or geographic name entry element Mothers and daughters
Form subdivision Fiction.
651 #0 - SUBJECT ADDED ENTRY--GEOGRAPHIC NAME
Geographic name Venezuela
General subdivision Social conditions
Form subdivision Fiction.
700 1# - ADDED ENTRY--PERSONAL NAME
Personal name Malloy, Robert.
Holdings
Withdrawn status Lost status Damaged status Not for loan Home library Current library Shelving location Date acquired Total checkouts Full call number Barcode Date last seen Price effective from Koha item type
        Centerville Centerville General stacks 22/03/2026   863/.62 23 BC0010600 22/03/2026 22/03/2026 Books